Protecting and preserving our heritage (Record no. 105674)
[ view plain ]
| 000 -LEADER | |
|---|---|
| fixed length control field | 01601cam a2200217 4500 |
| 001 - CONTROL NUMBER | |
| control field | ##L134440 |
| 008 - FIXED-LENGTH DATA ELEMENTS--GENERAL INFORMATION | |
| fixed length control field | 060807n2006 000 0 eng u |
| 035 ## - SYSTEM CONTROL NUMBER | |
| System control number | (Sirsi) u134440 |
| 041 0# - LANGUAGE CODE | |
| Language code of text/sound track or separate title | eng |
| 050 04 - LIBRARY OF CONGRESS CALL NUMBER | |
| Classification number | 690.241 $2 18 |
| 110 1# - MAIN ENTRY--CORPORATE NAME | |
| Corporate name or jurisdiction name as entry element | United Kingdom |
| Subordinate unit | Parliament |
| -- | House of Commons |
| -- | Select Committee on Culture, Media and Sport |
| 9 (RLIN) | 5000 |
| 245 00 - TITLE STATEMENT | |
| Title | Protecting and preserving our heritage |
| Remainder of title | volume one |
| -- | report, together with formal minutes |
| 260 ## - PUBLICATION, DISTRIBUTION, ETC. | |
| Place of publication, distribution, etc. | London |
| Name of publisher, distributor, etc. | TSO |
| Date of publication, distribution, etc. | 2006 |
| 490 #0 - SERIES STATEMENT | |
| Series statement | House of Commons Paper |
| Volume/sequential designation | HC 912-1 2005-2006 |
| 520 ## - SUMMARY, ETC. | |
| Summary, etc. | Presents the first inquiry by a parliamentary select committee to take a broad-based look at the nation's built heritage since 1994. Covers the priorities to be identified by DCMS in the forthcoming Heritage White Paper and the remit and effectiveness of the key heritage organisations such as DCMS and English Heritage. Assesses the balance between heritage and development needs in planning policy as well as access to heritage and the position of heritage as a cultural asset in the community. Examines heritage funding issues, the roles and responsibilities of English Heritage, the Heritage Lottery Fund and heritage bodies at all levels, and the supply of conservation professionals. Two volumes of written evidence accompany the report. |
| 590 ## - LOCAL NOTE (RLIN) | |
| Local note | IKA010806 NTK |
| 651 #4 - SUBJECT ADDED ENTRY--GEOGRAPHIC NAME | |
| Geographic name | England |
| Chronological subdivision | 886- |
| 690 ## - LOCAL SUBJECT ADDED ENTRY--TOPICAL TERM (OCLC, RLIN) | |
| Topical term or geographic name as entry element | BUILT ENVIRONMENT-BUILDING MAINTENANCE AND REFURBISHMENT-BUILDING CONSERVATION |
| 856 40 - ELECTRONIC LOCATION AND ACCESS | |
| Uniform Resource Identifier | <a href="https://www.publications.parliament.uk/pa/cm/cmcumeds.htm">https://www.publications.parliament.uk/pa/cm/cmcumeds.htm</a> |
| Public note | View the report free of charge at www.publications.parliament.uk... |
| 942 ## - ADDED ENTRY ELEMENTS (KOHA) | |
| Suppress in OPAC | 0 |
| Withdrawn status | Lost status | Source of classification or shelving scheme | Damaged status | Not for loan | Home library | Current library | Shelving location | Date acquired | Total Checkouts | Full call number | Barcode | Date last seen | Copy number | Price effective from | Koha item type |
|---|---|---|---|---|---|---|---|---|---|---|---|---|---|---|---|
| Dewey Decimal Classification | Virtual | Virtual | Online | 07/08/2006 | ONLINE PUBLICATION | 134440-2001 | 06/08/2019 | 1 | 06/08/2019 | Book |